000 00858nam a2200253 i 4500
001 66452
003 ES-MaACL
005 20260526180131.0
007 t|
008 950201s2002 sp |||| |dspa d
020 _a84-8460-218-4
080 _a929 Rivera, Diego
080 _a929 Kahlo, Frida
100 1 _aLe Clézio, Jean-Marie Gustave.
_9148063
245 1 0 _aDiego y Frida
_b: una gran historia de amor en tiempos de la revolución /
_cJ.M.G. Le Clézio ; [traducción, Mauro Armiño].
250 _a2ª ed. española.
260 _aMadrid :
_bTemas de Hoy,
_c2002.
300 _a268 p., [8] h. de lám. :
_bfot. ;
_c21 cm.
600 1 4 _aRivera, Diego,
_d1886-1957
_997610
600 1 0 _aKahlo, Frida,
_d1907-1954
_9243138
700 0 _aArmiño, Mauro,
_d1944-
_922987
852 _aES-MaACL
_jL-26912
999 _c66452
_d66452